LAW RELATING TO ARBITRATION CONCILIATION AND ALTERNATIVE DISPUTES RESOLUTION (Record no. 16623)

MARC details
000 -LEADER
fixed length control field 00374nam a22001457a 4500
003 - CONTROL NUMBER IDENTIFIER
control field SGT
020 ## - INTERNATIONAL STANDARD BOOK NUMBER
International Standard Book Number 9350289091
082 ## - DEWEY DECIMAL CLASSIFICATION NUMBER
Classification number 347.05
Item number SIN
100 ## - MAIN ENTRY--PERSONAL NAME
Personal name AVTAR SINGH
245 ## - TITLE STATEMENT
Title LAW RELATING TO ARBITRATION CONCILIATION AND ALTERNATIVE DISPUTES RESOLUTION
260 ## - PUBLICATION, DISTRIBUTION, ETC. (IMPRINT)
Place of publication, distribution, etc LUCKNOW
Name of publisher, distributor, etc EASTERN BOOK COMPANY
Year of Publication 2013
300 ## - PAGE DESCRIPTION
No. of Pages 400
650 ## - SUBJECT ADDED ENTRY--TOPICAL TERM
Topical term or geographic name as entry element ARBITRATION
942 ## - ADDED ENTRY ELEMENTS (KOHA)
Source of classification or shelving scheme Dewey Decimal Classification
Koha item type Books
Holdings
Withdrawn status Lost status Source of classification or shelving scheme Damaged status Not for loan Collection code Home library Current library Shelving location Date acquired Vendor Name Cost, normal purchase price SGTU Total Checkouts Full call number Accession No. (Barcode) Date last seen Bill Date Koha item type
    Dewey Decimal Classification     LAW SGT Science & Social Sciences Library SGT Science & Social Sciences Library Text Book 22/01/2019 DONATED BOOK 295.00 SGTU   347.05,SIN FL2137 22/01/2019 22/01/2019 Books